| 000 | 01485cam a22003258a 4500 | ||
|---|---|---|---|
| 001 | 15527543 | ||
| 003 | EG-ScBUE | ||
| 005 | 20221031120709.0 | ||
| 008 | 081119r20102009enka f b 001 0 eng d | ||
| 020 | _a0415489288 (pbk. : alk. paper) | ||
| 020 | _a9780415489287 (pbk. : alk. paper) | ||
| 040 |
_aDLC _beng _erda _cDLC _dEG-ScBUE |
||
| 082 | 0 | 4 |
_222 _a721 _bUNW |
| 100 | 1 |
_aUnwin, Simon, _d1952- _eauthor. _913285 |
|
| 245 | 1 | 0 |
_aAnalysing Architecture / _cSimon Unwin. |
| 250 |
_aThird edition, _brevised and enlarged. |
||
| 264 | 1 |
_aLondon ; _aNew York : _bRoutledge, _c2010. |
|
| 300 |
_a285 pages : _billustrations ; _c24 cm |
||
| 336 |
_2rdacontent _atext _btxt |
||
| 337 |
_2rdamedia _aunmediated _bn |
||
| 338 |
_2rdacarrier _avolume _bnc |
||
| 504 | _aIncludes bibliographical references and index. | ||
| 505 | 0 | _aHow analysis helps a design -- Architecture as identification of place -- Basic elements of architecture -- Modifying elements of architecture -- Elements doing more than one thing -- Using things that are there -- Primitive place types -- Architecture as making frames -- Temples and cottages -- Geometries of being -- Ideal geometry -- Themes in spatial organisation -- Postscript -- Case studies. | |
| 650 | 7 |
_aArchitectural design. _2BUEsh _913286 |
|
| 650 | 7 |
_913287 _aArchitectural design _vCase studies. _2BUEsh |
|
| 653 | _bENGARC | ||
| 655 | _vReading book | ||
| 942 |
_2ddc _cBB |
||
| 999 |
_c13825 _d13825 |
||